000 00409nam a22001697a 4500
003 MPLRDC
005 20220104144103.0
008 210129b ||||| |||| 00| 0 eng d
082 _a245.2 TX
100 _a考门夫人编
245 _a荒漠甘泉
_c唐醒译
250 _a初版
260 _a
_b晨星出版社
_c1985
300 _b
650 _a讲道; 传道--讲道集
942 _cBK
_o245.2 TX
999 _c46243
_d46233